Modified wood (Record no. 107621)

MARC details
000 -LEADER
fixed length control field 00960cam a22002415a 4500
001 - CONTROL NUMBER
control field L141273
008 - FIXED-LENGTH DATA ELEMENTS--GENERAL INFORMATION
fixed length control field 071109s2007 xxk of 000 0 eng d
020 ## - INTERNATIONAL STANDARD BOOK NUMBER
International Standard Book Number 9781848060159
035 ## - SYSTEM CONTROL NUMBER
System control number (Sirsi) u141273
041 0# - LANGUAGE CODE
Language code of text/sound track or separate title eng
050 04 - LIBRARY OF CONGRESS CALL NUMBER
Classification number 694.01 $2 18
100 1# - MAIN ENTRY--PERSONAL NAME
Personal name Suttie, Ed
245 00 - TITLE STATEMENT
Title Modified wood
Remainder of title an introduction to products in UK construction
260 ## - PUBLICATION, DISTRIBUTION, ETC.
Place of publication, distribution, etc. Garston
Name of publisher, distributor, etc. BRE
Date of publication, distribution, etc. 2007
300 ## - PHYSICAL DESCRIPTION
Extent 12p.
Dimensions 30cm.
490 #0 - SERIES STATEMENT
Series statement BRE Digest
Volume/sequential designation DG 504
520 ## - SUMMARY, ETC.
Summary, etc. Reviews the technologies that are currently on the UK market for modified wood products and considers their future. Looks at wood as a construction material, wood product durability, modified wood in UK construction, barriers and opportunities, specification of modified wood products, and environment and sustainability.
521 2# - TARGET AUDIENCE NOTE
Target audience note Advanced
651 #4 - SUBJECT ADDED ENTRY--GEOGRAPHIC NAME
Geographic name United Kingdom
Chronological subdivision
690 ## - LOCAL SUBJECT ADDED ENTRY--TOPICAL TERM (OCLC, RLIN)
Topical term or geographic name as entry element BUILT ENVIRONMENT-BUILDING MATERIALS
710 2# - ADDED ENTRY--CORPORATE NAME
Corporate name or jurisdiction name as entry element Building Research Establishment
942 ## - ADDED ENTRY ELEMENTS (KOHA)
Suppress in OPAC 0
Holdings
Withdrawn status Lost status Source of classification or shelving scheme Damaged status Not for loan Home library Current library Shelving location Date acquired Total Checkouts Full call number Barcode Date last seen Copy number Price effective from Koha item type
    Dewey Decimal Classification     London London BRE publications 09/11/2007   ENQUIRY DESK 30074336 06/08/2019 1 06/08/2019 Book